| 000 | 00000nam 2200000zi 4500 |
| 001 | 9.928535 |
| 003 | CaOODSP |
| 005 | 20241008124119 |
| 006 | m o d f |
| 007 | cr cn||||||||| |
| 008 | 231011t20232023onc ob f000 0 eng d |
| 020 | |a9780660682495 |
| 040 | |aCaOODSP|beng|erda|cCaOODSP |
| 043 | |an-cn--- |
| 086 | 1 |aIu173-41/2023E-PDF |
| 245 | 00|aConsultation on copyright in the age of generative artificial intelligence. |
| 264 | 1|aOttawa, ON : |b[Innovation, Science and Economic Development Canada], |c[2023] |
| 264 | 4|c©2023 |
| 300 | |a1 online resource (18 pages) |
| 336 | |atext|btxt|2rdacontent |
| 337 | |acomputer|bc|2rdamedia |
| 338 | |aonline resource|bcr|2rdacarrier |
| 500 | |aIssued also in French under title: Consultation sur le droit d'auteur à l'ère de l'intelligence artificielle générative. |
| 500 | |aCover title. |
| 504 | |aIncludes bibliographical references. |
| 650 | 0|aCopyright|zCanada. |
| 650 | 0|aArtificial intelligence|zCanada. |
| 710 | 1 |aCanada. |bInnovation, Science and Economic Development Canada, |eissuing body. |
| 775 | 08|tConsultation sur le droit d'auteur à l'ère de l'intelligence artificielle générative. |w(CaOODSP)9.928537 |
| 856 | 40|qPDF|s354 KB|uhttps://publications.gc.ca/collections/collection_2024/isde-ised/Iu173-41-2023-eng.pdf |
| 856 | 4 |qHTML|sN/A|uhttps://ised-isde.canada.ca/site/strategic-policy-sector/en/marketplace-framework-policy/consultation-paper-consultation-copyright-age-generative-artificial-intelligence |